Introducción a la geometría Euclidiana
Guardat en:
| Autors principals: | , , |
|---|---|
| Format: | Llibre |
| Idioma: | espanyol |
| Publicat: |
Santiago
Universidad de Chile
1980
|
| Matèries: | |
| Etiquetes: |
Afegir etiqueta
Sense etiquetes, Sigues el primer a etiquetar aquest registre!
|
MARC
| LEADER | 00000nam a2200000 a 4500 | ||
|---|---|---|---|
| 001 | UCT8352 | ||
| 003 | CL-VaPUC | ||
| 008 | 970326e19800000CL |||||||||||||||||spa|d | ||
| 082 | 0 | 4 | |a 516 |b BEC |2 21 |
| 100 | 0 | |a Becerra Allende, Rigoberto |e author |9 380043 | |
| 700 | 0 | |a Martínez Campos, Abner |e author |9 380044 | |
| 700 | 0 | |a Jorquera Molina, Fernando |e author |9 380045 | |
| 245 | 1 | 0 | |a Introducción a la geometría Euclidiana |
| 300 | |a 282 p | ||
| 942 | |c BK | ||
| 945 | |d 19970326 00:00:00 |a nastorga | ||
| 260 | |a Santiago |b Universidad de Chile |c 1980 | ||
| 650 | 0 | |a Geometría |9 264063 | |
| 650 | 0 | |a Lógica |9 256849 | |
| 650 | 7 | |a LINEAS |2 CL-VaPUC |9 347944 | |
| 650 | 7 | |a PUNTOS |2 CL-VaPUC |9 380046 | |
| 650 | 7 | |a PLANOS |2 CL-VaPUC |9 260106 | |
| 650 | 7 | |a TRIANGULO |2 CL-VaPUC |9 380047 | |
| 650 | 7 | |a PARALELAS |2 CL-VaPUC |9 380048 | |
| 650 | 7 | |a CIRCUNFERENCIA |2 CL-VaPUC |9 380049 | |
| 650 | 7 | |a ELEMENTOS DE EUCLIDES |2 CL-VaPUC |9 380050 | |
| 583 | |a last modification |c 19970326 00:00:00 |k Rodrigo Vera | ||
| 999 | |c 256861 |d 256859 | ||
| 952 | |0 0 |1 0 |2 ddc |4 0 |6 516_000000000000000_BEC_1980 |7 0 |8 A |9 279902 |a BIBMAT |b BIBMAT |d 2019-11-19 |i 3294846 |o 516 BEC 1980 |p 3294846 |r 2025-01-07 |w 2019-11-19 |y BK |k MAT | ||